000 01267nam a2200313 i 4500
003 EG-GICUC
005 20260310134453.0
008 260123s2007 ua a|||fr|||| 00| 0 ara d
017 _a16926/2006
040 _a EG-GICUC
_bara
_c EG-GICUC
_d EG-GICUC
_erda
041 0 _aAra
082 0 4 _221
_a343.82
_bط ا . ش
092 0 4 _221
099 _aLaw1 10 343.82 ط ا. ش 2007
100 0 _aطارق إبراهيم الدسوقى عطية
_eمؤلف.
245 1 0 _aشخصية ضابط الشرطة بين الواقع والمأمول :
_bدراسة قانونية - نفسية - إحصائية - تحليلية /
_cتأليف الدكتور طارق إبراهيم الدسوقى عطية.
264 1 _aالإسكندية :
_bدار الجامعة الجديدة،
_c2007.
300 _a645 صفحة :
_bرسومات توضيحية؛
_c24 سم.
336 _2rda content
_atext
337 _2rda media
_aComputer
338 _2rda carrier
_aOnline Resource
546 _aالنص باللغة العربية
650 1 _aعلم النفس القضائى
_2qrmak
650 1 _aللقانون الجنائى
_2qrmak
651 1 _2qrmak
856 4 0 _uhttps://fll.law.cu.edu.eg/fulltext/bks/B10-07504.pdf
905 _a54
_eYara
942 _2ddc
_cBK
_e21
_n0
999 _c58769
_d58769